000
00316nam a22001217a 4500
020
_a
0-02-949070-7
082
_a
005.11 AUT'B
100
_a
GULHO, G, KODRATOFF, Y, BIERMANN, A.W
_9
56594
245
_a
AUTOMATIC PROGRAM CONSTRUCTION TECHNIQUES
260
_a
NEWYORK
_b
MACMILLAN
_c
1984
300
_a
570P
942
_c
BK
999
_c
566976
_d
566976